[Event "European Blitz-ch 2018"]
[Site "Skopje"]
[Date "2018.12.06"]
[Round "5"]
[White "Rusev, Krasimir"]
[Black "Studer, Noel"]
[Result "1/2-1/2"]
[WhiteElo "2520"]
[BlackElo "2494"]
[Annotator "TA"]
[PlyCount "165"]
[EventDate "2018.12.06"]
[EventType "swiss"]
[EventCountry "MKD"]

1. d4 d5 2. Bf4 e6 3. e3 Nf6 4. Nf3 Bd6 5. Bg3 O-O 6. c4 c5 7. dxc5 Bxc5 8. Nc3 h6 9. a3 Nc6 10. Qc2 Bd6 11. Rd1 Bxg3 12. hxg3 Qa5 13. Be2 dxc4 14. Bxc4 Bd7 15. O-O Rac8 16. Ba2 Rfd8 17. Bb1 Qh5 18. Ne4 Ng4 19. Nd6 Nce5 20. Qh7+ Kf8 21. Qh8+ Ke7 22. Nxc8+ Rxc8 23. Rxd7+ Kxd7 24. Nxe5+ Nxe5 25. Qxg7 Ng4 26. Rd1+ Ke7 27. Qd4 Re8 28. Be4 b6 29. Bf3 Qh2+ 30. Kf1 h5 31. Qd6+ Kf6 32. Qf4+ Kg7 33. Qg5+ Kf8 34. Bxg4 hxg4 35. Qxg4 Qh1+ 36. Ke2 Qxg2 37. Qf3 Qxf3+ 38. Kxf3 Ke7 39. Rc1 Kd7 40. Ke4 Rh8 41. g4 Rh2 42. Rc2 Rh1 43. f4 f6 44. Rg2 Ke7 45. Rc2 Kd7 46. Rd2+ Ke7 47. Rg2 Rc1 48. g5 fxg5 49. fxg5 Rc4+ 50. Kd3 Rc5 51. e4 Kf7 52. g6+ Kg7 53. Kd4 e5+ 54. Ke3 Rc6 55. Rg5 Rxg6 56. Rxe5 Kf6 57. Rd5 Ke6 58. Rd2 Rg3+ 59. Kd4 Rb3 60. Kc4 Re3 61. Kd4 Rb3 62. Rh2 a5 63. Kc4 a4 64. Kd4 Kd6 65. e5+ Ke7 66. Kd5 Rb5+ 67. Ke4 Rb3 68. Rh7+ Ke6 69. Rh6+ Ke7 70. Kd5 Rb5+ 71. Ke4 Rxb2 72. Rh7+ Ke6 73. Rh6+ Ke7 74. Kf5 Rf2+ 75. Ke4 Rb2 76. Kd5 Rb5+ 77. Kd4 Rb3 78. Rh7+ Ke6 79. Rh6+ Ke7 80. Kd5 Rb5+ 81. Kd4 Rb3 82. Kd5 Rb5+ 83. Kd4 1/2-1/2

[Event "European Blitz-ch 2018"]
[Site "Skopje"]
[Date "2018.12.06"]
[Round "5"]
[White "Ruck, Robert"]
[Black "Jankovic, Alojzije"]
[Result "1-0"]
[WhiteElo "2512"]
[BlackElo "2557"]
[Annotator "TA"]
[PlyCount "107"]
[EventDate "2018.12.06"]
[EventType "swiss"]
[EventCountry "MKD"]

1. Nf3 d6 2. d4 Nf6 3. g3 g6 4. Bg2 c6 5. O-O b5 6. Nbd2 Bg7 7. e4 O-O 8. Re1 a5 9. c3 Na6 10. e5 Nd5 11. Qe2 Nac7 12. Ne4 h6 13. h3 a4 14. Bd2 Ba6 15. Qd1 Ne6 16. Qc1 Kh7 17. Qc2 Qd7 18. h4 Kg8 19. Bh3 Bc8 20. Rad1 Qd8 21. Bg2 Nec7 22. Nh2 Nb6 23. exd6 exd6 24. Bf4 Ne8 25. Qc1 Kh7 26. Qc2 Nd5 27. Bc1 Kg8 28. Re2 Nef6 29. Rde1 Nxe4 30. Bxe4 Qf6 31. Bxd5 cxd5 32. Bf4 g5 33. hxg5 hxg5 34. Bd2 Bf5 35. Qc1 g4 36. Bf4 Qg6 37. Re7 Be4 38. Qd1 f5 39. Qe2 Rae8 40. Rxe8 Rxe8 41. Qxb5 Qh5 42. Qxa4 Bf8 43. Qb5 Re7 44. Rxe4 dxe4 45. Qc4+ Kh8 46. Bxd6 Rh7 47. Be5+ Rg7 48. Nf1 f4 49. gxf4 e3 50. Nxe3 g3 51. Bxg7+ Bxg7 52. Qc8+ Kh7 53. Qf5+ Qxf5 54. Nxf5 1-0

[Event "European Blitz-ch 2018"]
[Site "Skopje"]
[Date "2018.12.06"]
[Round "5"]
[White "Ivic, Velimir"]
[Black "Nenezic, Marko"]
[Result "1-0"]
[WhiteElo "2497"]
[BlackElo "2515"]
[Annotator "TA"]
[PlyCount "83"]
[EventDate "2018.12.06"]
[EventType "swiss"]
[EventCountry "MKD"]

1. e4 c5 2. Nf3 Nc6 3. d4 cxd4 4. Nxd4 Nf6 5. Nc3 e5 6. Ndb5 d6 7. Nd5 Nxd5 8. exd5 Nb8 9. a4 Be7 10. Be2 O-O 11. O-O Nd7 12. Bd2 f5 13. a5 Nf6 14. c4 f4 15. f3 Bf5 16. Be1 a6 17. Nc3 Rc8 18. Bd3 Bxd3 19. Qxd3 Qc7 20. b3 b6 21. axb6 Qxb6+ 22. Bf2 Qxb3 23. c5 e4 24. fxe4 Ng4 25. Rfb1 Ne5 26. Qd2 Qc4 27. c6 Rb8 28. Rd1 Rb3 29. Rac1 Qb4 30. Qd4 Qa3 31. c7 Rc8 32. Ne2 f3 33. Nf4 fxg2 34. Kxg2 Rb2 35. Rd2 Qf3+ 36. Kg1 Qxf4 37. Qxb2 Nf3+ 38. Kg2 Nxd2 39. Qb8 Qg4+ 40. Bg3 Nxe4 41. Rc4 Nc5 42. Rxg4 1-0

[Event "European Blitz-ch 2018"]
[Site "Skopje"]
[Date "2018.12.06"]
[Round "5"]
[White "Milanovic, Danilo"]
[Black "Blohberger, Felix"]
[Result "0-1"]
[WhiteElo "2494"]
[BlackElo "2447"]
[Annotator "TA"]
[PlyCount "58"]
[EventDate "2018.12.06"]
[EventType "swiss"]
[EventCountry "MKD"]

1. d4 Nf6 2. Bf4 d5 3. e3 c5 4. c3 e6 5. Nd2 Bd6 6. Bg3 O-O 7. Ngf3 b6 8. Ne5 Qc7 9. Bd3 Ba6 10. Bxa6 Nxa6 11. O-O Nb8 12. f4 Nc6 13. Qf3 Ne7 14. Bf2 Nd7 15. Qh3 Kh8 16. Rae1 Nf6 17. Qf3 Qb7 18. e4 dxe4 19. Nxe4 Nxe4 20. Rxe4 Kg8 21. Nc4 Rfd8 22. Nxd6 Rxd6 23. dxc5 Rd2 24. b4 Rxa2 25. Rd1 h6 26. Qd3 bxc5 27. Bxc5 Nd5 28. Bd4 Rxg2+ 29. Kxg2 Nxf4+ 0-1

[Event "European Blitz-ch 2018"]
[Site "Skopje"]
[Date "2018.12.06"]
[Round "5"]
[White "Dvirnyy, Danyyil"]
[Black "Lobanov, Sergei"]
[Result "1/2-1/2"]
[WhiteElo "2485"]
[BlackElo "2526"]
[Annotator "TA"]
[PlyCount "48"]
[EventDate "2018.12.06"]
[EventType "swiss"]
[EventCountry "MKD"]

1. Nf3 d5 2. g3 Nf6 3. Bg2 c6 4. c4 dxc4 5. O-O b5 6. d3 cxd3 7. Ne5 Bb7 8. Qb3 e6 9. Rd1 Bd6 10. Nxd3 Qc7 11. a4 a6 12. Nc3 c5 13. Bxb7 Qxb7 14. axb5 O-O 15. Qa3 Rc8 16. Bg5 Nd5 17. Ne4 Bf8 18. Nexc5 Qxb5 19. b4 Nc6 20. Bd2 Ncxb4 21. Bxb4 Nxb4 22. Qxb4 Qxb4 23. Nxb4 Bxc5 24. Nxa6 Be7 1/2-1/2

[Event "European Blitz-ch 2018"]
[Site "Skopje"]
[Date "2018.12.06"]
[Round "5"]
[White "Dragnev, Valentin"]
[Black "Stevic, Hrvoje"]
[Result "1-0"]
[WhiteElo "2483"]
[BlackElo "2587"]
[Annotator "TA"]
[PlyCount "57"]
[EventDate "2018.12.06"]
[EventType "swiss"]
[EventCountry "MKD"]

1. d4 d5 2. c4 dxc4 3. Nf3 Nf6 4. Nc3 a6 5. e4 b5 6. e5 Nd5 7. a4 e6 8. axb5 Nb6 9. Be3 axb5 10. Rxa8 Nxa8 11. Nxb5 Nb6 12. Nd2 Ba6 13. Nc3 Nc6 14. Qg4 Nb4 15. Qe4 Be7 16. Be2 O-O 17. O-O Qa8 18. Qg4 Rd8 19. Rc1 Nd3 20. Bxd3 cxd3 21. h4 Nc4 22. Nxc4 Bxc4 23. Ne4 Qa6 24. h5 Kh8 25. h6 g6 26. Bg5 f5 27. exf6 d2 28. Nxd2 Bb4 29. Nb1 1-0

[Event "European Blitz-ch 2018"]
[Site "Skopje"]
[Date "2018.12.06"]
[Round "5"]
[White "Belyakov, Bogdan"]
[Black "Cheparinov, Ivan"]
[Result "1/2-1/2"]
[WhiteElo "2459"]
[BlackElo "2709"]
[Annotator "TA"]
[PlyCount "151"]
[EventDate "2018.12.06"]
[EventType "swiss"]
[EventCountry "MKD"]

1. e4 c6 2. d4 d5 3. Nc3 dxe4 4. Nxe4 Nf6 5. Nxf6+ exf6 6. Nf3 Bd6 7. h3 O-O 8. Be2 Re8 9. O-O Nd7 10. a4 Nf8 11. a5 Ng6 12. Bd3 Be6 13. c4 Bc7 14. b4 Qd6 15. Rb1 Nh4 16. g3 Ng6 17. Kg2 Rad8 18. Qc2 Qd7 19. Rh1 f5 20. h4 h6 21. h5 Nf8 22. Rh4 Nh7 23. Bf4 Nf6 24. Bxc7 Qxc7 25. Bxf5 Bxf5 26. Qxf5 Re2 27. Re1 Qe7 28. Rxe2 Qxe2 29. a6 bxa6 30. Qa5 Re8 31. Qxa6 Ne4 32. Rxe4 Qxe4 33. Qxa7 Re6 34. Qb8+ Kh7 35. Qf4 Qxf4 36. gxf4 Re4 37. Kg3 Kg8 38. Kg4 g6 39. hxg6 fxg6 40. b5 cxb5 41. cxb5 Re2 42. Ne5 Kg7 43. b6 Rb2 44. Nd7 h5+ 45. Kf3 Kf7 46. Ke4 Ke7 47. Ne5 Rxb6 48. Nd3 Ke6 49. Ne5 Ke7 50. Nd3 Ra6 51. Ne5 Kf6 52. Nd7+ Ke7 53. Ne5 Rd6 54. Nc4 Re6+ 55. Ne5 Kf6 56. d5 Ra6 57. Nd7+ Ke7 58. Ne5 Ra4+ 59. Kf3 Kf6 60. d6 Rd4 61. d7 g5 62. Ke3 Rd1 63. Nd3 Ke7 64. fxg5 Kxd7 65. Nf4 h4 66. Kf3 Rg1 67. Nh3 Ra1 68. Kg4 Ke6 69. Nf4+ Kf7 70. Nh3 Ra4+ 71. f4 Kg6 72. Kxh4 Kf5 73. Kg3 Ra3+ 74. Kh4 Rf3 75. g6 Kxg6 76. Kg4 1/2-1/2

[Event "European Blitz-ch 2018"]
[Site "Skopje"]
[Date "2018.12.06"]
[Round "5"]
[White "Stanojoski, Zvonko"]
[Black "Esipenko, Andrey"]
[Result "0-1"]
[WhiteElo "2447"]
[BlackElo "2593"]
[Annotator "TA"]
[PlyCount "114"]
[EventDate "2018.12.06"]
[EventType "swiss"]
[EventCountry "MKD"]

1. e4 c6 2. d4 d5 3. Nd2 dxe4 4. Nxe4 Bf5 5. Ng3 Bg6 6. h4 h6 7. Nf3 e6 8. h5 Bh7 9. Bd3 Bxd3 10. Qxd3 Nf6 11. Bd2 Be7 12. O-O-O O-O 13. Kb1 c5 14. Bc3 Nbd7 15. dxc5 Nxc5 16. Qb5 Qe8 17. Qxe8 Rfxe8 18. Bb4 a5 19. Ba3 b5 20. Bxc5 Bxc5 21. Rhf1 Red8 22. Kc1 Bd6 23. Nd4 Bf4+ 24. Kb1 Bxg3 25. fxg3 b4 26. Nc6 Rxd1+ 27. Rxd1 Nxh5 28. Rd3 g5 29. c4 bxc3 30. bxc3 Nf6 31. c4 Ne4 32. Kb2 Kg7 33. g4 Ra6 34. Ne5 Kf6 35. Nd7+ Ke7 36. Ne5 Nc5 37. Rh3 Rb6+ 38. Kc2 f6 39. Nf3 Rb4 40. Nd2 a4 41. Rxh6 a3 42. Rh7+ Kd6 43. Kc3 Rb2 44. Ra7 Rxa2 45. Nf3 Rxg2 46. Rxa3 Rxg4 47. Kb4 Rg3 48. Nd4 Rxa3 49. Kxa3 g4 50. Kb4 Ne4 51. Nb5+ Ke5 52. c5 Nxc5 53. Kxc5 g3 54. Nd4 g2 55. Kc4 Ke4 56. Ne2 Ke3 57. Ng1 f5 0-1

[Event "European Blitz-ch 2018"]
[Site "Skopje"]
[Date "2018.12.06"]
[Round "5"]
[White "De Filomeno, Simone"]
[Black "Brkic, Ante"]
[Result "0-1"]
[WhiteElo "2436"]
[BlackElo "2563"]
[Annotator "TA"]
[PlyCount "42"]
[EventDate "2018.12.06"]
[EventType "swiss"]
[EventCountry "MKD"]

1. d4 d5 2. c4 e6 3. Nc3 Bb4 4. Nf3 Nf6 5. Bg5 Nbd7 6. e3 c5 7. dxc5 Qa5 8. Nd2 dxc4 9. Bxc4 Qxc5 10. Bxf6 Nxf6 11. Bb5+ Ke7 12. Qe2 a6 13. Bd3 Bxc3 14. bxc3 Qxc3 15. O-O Rd8 16. Nc4 Qxd3 17. Qxd3 Rxd3 18. Nb6 Rb8 19. Rfd1 Rxd1+ 20. Rxd1 Bd7 21. g4 Bc6 0-1

[Event "European Blitz-ch 2018"]
[Site "Skopje"]
[Date "2018.12.06"]
[Round "5"]
[White "Warmerdam, Max"]
[Black "Potapov, Pavel"]
[Result "1/2-1/2"]
[WhiteElo "2433"]
[BlackElo "2516"]
[Annotator "TA"]
[PlyCount "86"]
[EventDate "2018.12.06"]
[EventType "swiss"]
[EventCountry "MKD"]

1. e4 c5 2. Nf3 Nc6 3. d4 cxd4 4. Nxd4 e5 5. Nb5 d6 6. c4 g6 7. N1c3 a6 8. Na3 Be6 9. Be2 Bg7 10. O-O Nge7 11. Be3 O-O 12. Nc2 f5 13. f3 Rc8 14. Qd2 Qc7 15. Rfd1 Rcd8 16. Rac1 f4 17. Bf2 g5 18. Nd5 Qb8 19. Bb6 Rd7 20. Ncb4 Nxb4 21. Nxe7+ Rxe7 22. Qxb4 Rd7 23. c5 dxc5 24. Qxc5 Rxd1+ 25. Rxd1 Bxa2 26. Rd7 Qc8 27. Rc7 Qe6 28. Rxb7 Rc8 29. Rc7 Rxc7 30. Bxc7 h5 31. Qd6 Qb3 32. h3 Qxb2 33. Qxa6 Qc1+ 34. Kh2 Qxc7 35. Qxa2+ Kh7 36. Qe6 Qd8 37. Bc4 Qf6 38. Qg8+ Kh6 39. Be6 g4 40. Bf5 g3+ 41. Kh1 Kg5 42. Qe6 Qxe6 43. Bxe6 Bf8 1/2-1/2

[Event "European Blitz-ch 2018"]
[Site "Skopje"]
[Date "2018.12.06"]
[Round "5"]
[White "Zavgorodniy, Sergiy"]
[Black "Beerdsen, Thomas"]
[Result "0-1"]
[WhiteElo "2420"]
[BlackElo "2477"]
[Annotator "TA"]
[PlyCount "52"]
[EventDate "2018.12.06"]
[EventType "swiss"]
[EventCountry "MKD"]

1. e4 e5 2. Nf3 Nc6 3. Bb5 f5 4. d3 fxe4 5. dxe4 Nf6 6. Bg5 d6 7. Nc3 Be7 8. h3 O-O 9. Bxf6 Bxf6 10. Bxc6 bxc6 11. Qd3 Be6 12. O-O-O Rb8 13. b3 Rb4 14. Qa6 Qd7 15. Kb2 Rfb8 16. Rhe1 R8b7 17. Qa5 h6 18. Rd3 Qf7 19. Qa6 Bc4 20. Qxc6 Bxd3 21. cxd3 R4b6 22. Qc4 c6 23. Qa4 d5 24. Rc1 Kh7 25. Qa5 d4 26. Na4 Rxb3+ 0-1

[Event "European Blitz-ch 2018"]
[Site "Skopje"]
[Date "2018.12.06"]
[Round "5"]
[White "Pershin, Denis"]
[Black "Tejedor Fuente, Enrique"]
[Result "0-1"]
[WhiteElo "2400"]
[BlackElo "2428"]
[Annotator "TA"]
[PlyCount "78"]
[EventDate "2018.12.06"]
[EventType "swiss"]
[EventCountry "MKD"]

1. e4 c5 2. Nf3 d6 3. d4 cxd4 4. Nxd4 Nf6 5. Nc3 e6 6. g4 Nfd7 7. Bg2 a6 8. Be3 Nc6 9. g5 Be7 10. h4 Qc7 11. Nxc6 bxc6 12. Qd4 Ne5 13. f4 c5 14. Qd1 Nc4 15. Qe2 Nxe3 16. Qxe3 Rb8 17. Rb1 Bb7 18. O-O h6 19. f5 hxg5 20. fxe6 fxe6 21. hxg5 d5 22. e5 d4 23. Qf4 Rf8 24. Qg4 Rxf1+ 25. Rxf1 Bxg2 26. Kxg2 Qxe5 27. Ne4 Rxb2 28. Re1 Rxc2+ 29. Kf3 Qf5+ 30. Qxf5 exf5 31. Nd6+ Kd7 32. Nxf5 Bxg5 33. Nxg7 Rxa2 34. Ke4 Kc6 35. Nf5 Rf2 36. Ra1 Re2+ 37. Kd3 Re5 38. Ng3 Re3+ 39. Kc4 Rc3# 0-1

[Event "European Blitz-ch 2018"]
[Site "Skopje"]
[Date "2018.12.06"]
[Round "5"]
[White "Saraci, Nderim"]
[Black "Mamedov, Rauf"]
[Result "1/2-1/2"]
[WhiteElo "2382"]
[BlackElo "2703"]
[Annotator "TA"]
[PlyCount "126"]
[EventDate "2018.12.06"]
[EventType "swiss"]
[EventCountry "MKD"]

1. c4 c5 2. Nf3 g6 3. Nc3 Bg7 4. g3 Nc6 5. Bg2 e6 6. O-O Nge7 7. e3 O-O 8. d4 cxd4 9. Nxd4 d5 10. cxd5 exd5 11. Nde2 Bf5 12. a3 Qb6 13. b4 Rad8 14. Bb2 d4 15. Na4 Qc7 16. Nxd4 Nxd4 17. Bxd4 Bxd4 18. exd4 b6 19. Rc1 Qd7 20. Nc3 Qxd4 21. Qxd4 Rxd4 22. Rfe1 Rd7 23. h4 Rc8 24. Nb5 Rxc1 25. Rxc1 Bd3 26. Nc3 Rc7 27. Ne2 Rxc1+ 28. Nxc1 Bc4 29. Bf1 Bxf1 30. Kxf1 Nd5 31. Ke1 Kf8 32. Kd2 Ke7 33. Kd3 Kd6 34. Kd4 Nc7 35. a4 a6 36. Nd3 b5 37. axb5 axb5 38. Nf4 Na6 39. Nd3 Nb8 40. Ne5 f6 41. Nd3 Nc6+ 42. Ke4 f5+ 43. Kf4 Kd5 44. h5 Kd4 45. hxg6 hxg6 46. Ne1 Nxb4 47. Nf3+ Kd5 48. Ke3 Nc6 49. Nh4 Ne7 50. f3 Kc4 51. Kd2 b4 52. g4 f4 53. g5 Kd4 54. Ng2 Ke5 55. Nh4 Kd4 56. Ng2 Ke5 57. Nh4 Kd5 58. Kd3 Ke5 59. Kc4 Nc6 60. Nxg6+ Kf5 61. Nxf4 Kxf4 62. g6 Kxf3 63. g7 Ke4 1/2-1/2

[Event "European Blitz-ch 2018"]
[Site "Skopje"]
[Date "2018.12.06"]
[Round "5"]
[White "Zlatanovic, Boroljub"]
[Black "Van Foreest, Jorden"]
[Result "0-1"]
[WhiteElo "2376"]
[BlackElo "2614"]
[Annotator "TA"]
[PlyCount "122"]
[EventDate "2018.12.06"]
[EventType "swiss"]
[EventCountry "MKD"]

1. Nc3 e5 2. Nf3 Nc6 3. d4 exd4 4. Nxd4 Nf6 5. Bg5 Be7 6. Nf5 O-O 7. Nxe7+ Nxe7 8. Bxf6 gxf6 9. Qd4 Nf5 10. Qf4 d6 11. e3 Be6 12. Bd3 Ne7 13. Qxf6 Nf5 14. Qxd8 Rfxd8 15. Bxf5 Bxf5 16. O-O-O c6 17. e4 Be6 18. Rd3 Kf8 19. Rhd1 Ke7 20. Rg3 b5 21. Ne2 Rg8 22. Nd4 Bd7 23. Kd2 c5 24. Ne2 Bc6 25. Ke3 Rae8 26. Nf4 a5 27. Nd5+ Bxd5 28. Rxd5 Rg6 29. Rxg6 hxg6 30. h4 Rh8 31. g3 Ke6 32. Kf4 b4 33. Kg4 a4 34. h5 f5+ 35. Kf4 Rxh5 36. Rd1 fxe4 37. Kxe4 Re5+ 38. Kf3 d5 39. c3 Re4 40. Rd2 bxc3 41. bxc3 Rc4 42. Rd3 g5 43. Ke2 Kd6 44. f3 Ke5 45. a3 d4 46. Kd2 Kd5 47. Kc2 Ke5 48. Kd2 Kd5 49. Kc2 Ke5 50. Kd2 Kd6 51. f4 gxf4 52. cxd4 cxd4 53. gxf4 Kd5 54. Rf3 Ke4 55. Rf1 Rc3 56. f5 Rxa3 57. f6 Ra2+ 58. Ke1 Ke3 59. Rf3+ Kxf3 60. f7 Ke3 61. Kd1 Rf2 0-1

[Event "European Blitz-ch 2018"]
[Site "Skopje"]
[Date "2018.12.06"]
[Round "5"]
[White "Danov, Lyubomir"]
[Black "Jovanovic, Zoran"]
[Result "0-1"]
[WhiteElo "2353"]
[BlackElo "2518"]
[Annotator "TA"]
[PlyCount "62"]
[EventDate "2018.12.06"]
[EventType "swiss"]
[EventCountry "MKD"]

1. e4 d6 2. d4 Nf6 3. Nc3 e5 4. Nf3 Nbd7 5. Bc4 Be7 6. O-O O-O 7. a4 c6 8. Re1 exd4 9. Nxd4 Ne5 10. Ba2 Re8 11. Bf4 Bf8 12. Bg3 a5 13. Qd2 Nh5 14. Rad1 Nxg3 15. hxg3 Qf6 16. Qf4 Qg6 17. f3 Be7 18. g4 h5 19. gxh5 Qxh5 20. Qh2 Qg6 21. f4 Ng4 22. Qg3 Qh5 23. Nf3 Bd8 24. Qh3 Bb6+ 25. Nd4 Qc5 26. f5 Bxf5 27. Bxf7+ Kxf7 28. Rf1 Qxd4+ 29. Rxd4 Bxd4+ 30. Kh1 Rh8 31. Rxf5+ Kg6 0-1

[Event "European Blitz-ch 2018"]
[Site "Skopje"]
[Date "2018.12.06"]
[Round "5"]
[White "Gouloutis, Nikolaos"]
[Black "Ragger, Markus"]
[Result "0-1"]
[WhiteElo "2353"]
[BlackElo "2687"]
[Annotator "TA"]
[PlyCount "90"]
[EventDate "2018.12.06"]
[EventType "swiss"]
[EventCountry "MKD"]

1. d4 Nf6 2. Nf3 g6 3. Bg5 Bg7 4. Nbd2 O-O 5. e3 d5 6. Be2 Nbd7 7. c3 Re8 8. O-O e5 9. h3 c6 10. Bh4 a5 11. a4 Qb6 12. Rb1 e4 13. Nh2 Nf8 14. b4 axb4 15. cxb4 h6 16. a5 Qd8 17. Nb3 g5 18. Bg3 Ng6 19. b5 Bf8 20. a6 cxb5 21. axb7 Bxb7 22. Bxb5 Re6 23. Nc5 Bxc5 24. dxc5 Ba6 25. Qd4 Bxb5 26. Rxb5 Qd7 27. Rfb1 h5 28. Rb7 Qa4 29. Rb8+ Kg7 30. Rxa8 Qxa8 31. Rb6 Rxb6 32. cxb6 Qc6 33. Qb2 Qb7 34. Bc7 Nf8 35. Qa1 N8d7 36. Qa7 Qc6 37. Nf1 Kg6 38. Bd8 Ne8 39. b7 Qb5 40. Kh2 Nd6 41. Be7 Nxb7 42. Qa8 Nf6 43. Qh8 Qc6 44. Ng3 h4 45. Bxf6 hxg3+ 0-1

[Event "European Blitz-ch 2018"]
[Site "Skopje"]
[Date "2018.12.06"]
[Round "5"]
[White "Ozen, Bahadir"]
[Black "Navara, David"]
[Result "1-0"]
[WhiteElo "2349"]
[BlackElo "2736"]
[Annotator "TA"]
[PlyCount "101"]
[EventDate "2018.12.06"]
[EventType "swiss"]
[EventCountry "MKD"]

1. d4 Nf6 2. c4 e6 3. Nc3 Bb4 4. e3 O-O 5. Bd3 d5 6. Nf3 b6 7. O-O Bb7 8. Qe2 Nbd7 9. Rd1 c5 10. a3 Bxc3 11. bxc3 dxc4 12. Bxc4 Qc7 13. Bb2 Rfd8 14. Rac1 Rac8 15. h3 Ne4 16. a4 Nd6 17. Bb3 Nf6 18. c4 Ba6 19. d5 Nxd5 20. Qc2 Nb4 21. Qb1 f6 22. Ba3 Bb7 23. Bxb4 cxb4 24. c5 bxc5 25. Bxe6+ Kh8 26. Bxc8 Rxc8 27. Qd3 Ne4 28. Qd7 h6 29. Qe6 Qc6 30. Qf5 Nc3 31. Rd2 Qe4 32. Qd7 Ba6 33. Kh2 Qc6 34. Qf5 Ne4 35. Rd7 Nxf2 36. Rxa7 Bd3 37. Qd7 Qxd7 38. Rxd7 b3 39. Rb7 c4 40. Nd4 Be4 41. Rxb3 Nd3 42. Rcc3 Ra8 43. Ra3 Ne5 44. a5 Bd3 45. a6 Nd7 46. a7 Nc5 47. Nb5 Ne4 48. Rc1 Nc5 49. Nc7 Rxa7 50. Rxa7 Nb3 51. Rc3 1-0

[Event "European Blitz-ch 2018"]
[Site "Skopje"]
[Date "2018.12.06"]
[Round "5"]
[White "Todorovic, Goran N"]
[Black "Delchev, Aleksander"]
[Result "0-1"]
[WhiteElo "2318"]
[BlackElo "2552"]
[Annotator "TA"]
[PlyCount "72"]
[EventDate "2018.12.06"]
[EventType "swiss"]
[EventCountry "MKD"]

1. Nf3 Nf6 2. c4 e6 3. g3 d5 4. Bg2 dxc4 5. Na3 Bxa3 6. bxa3 O-O 7. Qc2 Nbd7 8. Qxc4 c5 9. Bb2 b6 10. O-O Bb7 11. Qc2 Qe7 12. d3 Rac8 13. a4 Ba8 14. a5 b5 15. a4 b4 16. Nd2 Bxg2 17. Kxg2 e5 18. Qc4 Rfe8 19. Rfd1 Nb8 20. Nb3 Nfd7 21. Rac1 h6 22. Qb5 Qd6 23. Nd2 a6 24. Qc4 Qc6+ 25. Kg1 Qxa4 26. Ne4 Re6 27. Ra1 Qc6 28. Qb3 Qb5 29. Rdc1 Nc6 30. Qd5 Ne7 31. Qb3 Rec6 32. Nd2 Qb7 33. Nc4 Re6 34. Ne3 Nc6 35. Qd5 Nd8 36. Qb3 e4 0-1

[Event "European Blitz-ch 2018"]
[Site "Skopje"]
[Date "2018.12.06"]
[Round "5"]
[White "Musovic, Armin"]
[Black "Banikas, Hristos"]
[Result "0-1"]
[WhiteElo "2301"]
[BlackElo "2601"]
[Annotator "TA"]
[PlyCount "60"]
[EventDate "2018.12.06"]
[EventType "swiss"]
[EventCountry "MKD"]

1. a3 e5 2. Nc3 Nf6 3. d4 exd4 4. Qxd4 Nc6 5. Qa4 Be7 6. Bg5 h6 7. Bh4 O-O 8. O-O-O d6 9. e4 a6 10. f4 Bg4 11. Be2 b5 12. Nxb5 axb5 13. Qxb5 Bd7 14. Qd3 Ra4 15. Bf3 Rd4 16. Qe2 Rxd1+ 17. Kxd1 Nd4 18. Qd3 c5 19. Bf2 Qb6 20. b4 Bb5 21. Qd2 Qa6 22. Qc3 Rc8 23. e5 dxe5 24. fxe5 Nd7 25. bxc5 Nxf3 26. Nxf3 Nxc5 27. Nd4 Ne6 28. Qd2 Nxd4 29. Bxd4 Ba4 30. Qf4 Rxc2 0-1

[Event "European Blitz-ch 2018"]
[Site "Skopje"]
[Date "2018.12.06"]
[Round "5"]
[White "Nazaretyan, Tigran"]
[Black "Popov, Valerij"]
[Result "0-1"]
[WhiteElo "2250"]
[BlackElo "2532"]
[Annotator "TA"]
[PlyCount "102"]
[EventDate "2018.12.06"]
[EventType "swiss"]
[EventCountry "MKD"]

1. d4 d5 2. c4 e6 3. Nf3 Nd7 4. e3 Ngf6 5. Nc3 c6 6. Qc2 b6 7. Bd3 Bb7 8. O-O Be7 9. b3 O-O 10. Bb2 h6 11. Rfd1 Qc7 12. Ne5 Nxe5 13. dxe5 dxc4 14. bxc4 Ng4 15. Ne4 Nxe5 16. Qc3 f6 17. c5 Nxd3 18. Rxd3 Rad8 19. Rad1 Rd5 20. Ba3 Rfd8 21. Nd6 bxc5 22. Nxb7 Qxb7 23. R3d2 Rxd2 24. Rxd2 Qb1+ 25. Bc1 Qxa2 26. Rxd8+ Bxd8 27. Qxc5 Qd5 28. Qc2 Be7 29. e4 Qc5 30. Qb1 Qb4 31. Qxb4 Bxb4 32. Kf1 c5 33. Ke2 c4 34. Bb2 Kf7 35. e5 a5 36. exf6 gxf6 37. Ke3 Bc5+ 38. Kd2 Bxf2 39. Kc3 e5 40. g4 Kg6 41. Kxc4 Kg5 42. h3 Kh4 43. Kd5 Kxh3 44. Ke6 Bh4 45. Kf5 a4 46. Bc1 Bg5 47. Ba3 Kg3 48. Bd6 Kf3 49. Be7 e4 50. Bb4 e3 51. Bc3 a3 0-1

[Event "European Blitz-ch 2018"]
[Site "Skopje"]
[Date "2018.12.06"]
[Round "5"]
[White "Arutyunova, Diana"]
[Black "Saric, Ivan"]
[Result "0-1"]
[WhiteElo "2227"]
[BlackElo "2695"]
[Annotator "TA"]
[PlyCount "52"]
[EventDate "2018.12.06"]
[EventType "swiss"]
[EventCountry "MKD"]

1. e4 g6 2. d4 Bg7 3. Nc3 d6 4. Be3 c6 5. f3 b5 6. Qd2 Nd7 7. O-O-O Qa5 8. Kb1 Nb6 9. Bd3 Rb8 10. h4 Be6 11. b3 Nc4 12. Bxc4 bxc4 13. Nce2 Qa3 14. Qc1 Qa6 15. d5 cxd5 16. Bd4 Nf6 17. exd5 cxb3 18. cxb3 Bxd5 19. Qb2 O-O 20. h5 Rfc8 21. g4 e5 22. Bc3 Be6 23. hxg6 hxg6 24. g5 Nd5 25. Be1 Bf5+ 26. Ka1 Rc2 0-1

[Event "European Blitz-ch 2018"]
[Site "Skopje"]
[Date "2018.12.06"]
[Round "6"]
[White "Cheparinov, Ivan"]
[Black "Belyakov, Bogdan"]
[Result "0-1"]
[WhiteElo "2709"]
[BlackElo "2459"]
[Annotator "RC"]
[PlyCount "63"]
[EventDate "2018.12.06"]
[EventType "swiss"]
[EventCountry "MKD"]

1. d4 d5 2. c4 dxc4 3. e3 e5 4. Bxc4 Nc6 5. Nf3 e4 6. Nfd2 Qg5 7. Bf1 f5 8. Nc3 Nf6 9. Qb3 Bd6 10. Nc4 Bb4 11. a3 Bxc3+ 12. bxc3 a6 13. a4 Rb8 14. a5 Be6 15. Qa4 O-O 16. g3 Nd5 17. Bd2 Qh5 18. h4 Qf3 19. Rg1 Qg4 20. Rh1 Rbe8 21. Be2 Qg6 22. Rb1 Rb8 23. Rb2 Kh8 24. Na3 f4 25. gxf4 Qg2 26. Rf1 Bg4 27. Bxg4 Qxg4 28. Qd1 Qxh4 29. Nc2 Nxa5 30. Qe2 b5 31. Na3 Nb6 32. Ra2 0-1

[Event "European Blitz-ch 2018"]
[Site "Skopje"]
[Date "2018.12.06"]
[Round "6"]
[White "Mamedov, Rauf"]
[Black "Saraci, Nderim"]
[Result "1-0"]
[WhiteElo "2703"]
[BlackElo "2382"]
[Annotator "TA"]
[PlyCount "71"]
[EventDate "2018.12.06"]
[EventType "swiss"]
[EventCountry "MKD"]

1. e4 e5 2. Nf3 Nc6 3. Bc4 Bc5 4. c3 Nf6 5. d3 d6 6. a4 a5 7. O-O O-O 8. Bg5 h6 9. Bh4 Ba7 10. Nbd2 Be6 11. Kh1 Re8 12. Bb5 Bb6 13. Nc4 Bd7 14. Nxb6 cxb6 15. Nd2 g5 16. Bg3 Ne7 17. Bxd7 Qxd7 18. Nc4 Qc6 19. Qb3 Nd7 20. d4 Rac8 21. Ne3 Qxe4 22. Rfe1 Qg6 23. Rad1 exd4 24. cxd4 Nf5 25. Nxf5 Qxf5 26. Kg1 Qg6 27. Qb5 Nf6 28. Bxd6 Rxe1+ 29. Rxe1 Ne4 30. Be5 Qf5 31. f3 Nd2 32. Qxb6 g4 33. Qxh6 f6 34. Bxf6 Qh7 35. Qg5+ Kf8 36. Qxd2 1-0

[Event "European Blitz-ch 2018"]
[Site "Skopje"]
[Date "2018.12.06"]
[Round "6"]
[White "Saric, Ivan"]
[Black "Arutyunova, Diana"]
[Result "1-0"]
[WhiteElo "2695"]
[BlackElo "2227"]
[Annotator "TA"]
[PlyCount "53"]
[EventDate "2018.12.06"]
[EventType "swiss"]
[EventCountry "MKD"]

1. e4 d6 2. d4 Nf6 3. Nc3 c6 4. f4 Qa5 5. e5 Nd5 6. Bd2 Nxc3 7. Bxc3 Qc7 8. Nf3 Bg4 9. h3 Bxf3 10. Qxf3 e6 11. f5 exf5 12. Qxf5 Qd7 13. Qf3 dxe5 14. O-O-O Be7 15. Bc4 O-O 16. dxe5 Bg5+ 17. Kb1 Qe7 18. h4 Bh6 19. g4 b5 20. Bxb5 g6 21. h5 Bg7 22. hxg6 fxg6 23. Bc4+ Kh8 24. Qh3 h6 25. e6 Bxc3 26. Qxh6+ Kg8 27. Qxg6+ 1-0